Shrinking Cities in Kansas - Statistics

General Stats
  • This quiz has been taken 21 times
    9 since last reset
  • The average score is 4 of 7
Answer Stats
Population Growth Rate (%) City % Correct
126,587 -0.8 Topeka
83%
19,825 -3.5 Liberal
67%
46,889 -1.9 Salina
67%
40,006 -5.3 Hutchinson
50%
22,932 -1.8 Junction City
50%
24,139 -3.3 Emporia
33%
18,602 -2.7 Newton
33%
No matching quizzes found
Score Distribution
Percent of People with Each Score
Percentile by Number Answered
Your Score History
You have not taken this quiz since the last reset